00426nam a2200181Ia 4500003000400000005001700004008004100021020001400062040000700076041000800083082002200091100001700113245003700130250000600167260004000173300001800213365001300231OSt20230413122208.0210423s2003 xx 000 0 und d a749444037 cAL aeng a657.42223b SIKT aSIKKA (T R). aFundamentals of cost accounting. a5 aBangalorebViva Books Pvt Ltdc2003 aviii,1184bPB b395cINR